000 01393nam a2200217Ia 4500
003 Ost
005 20260507075114.0
008 260507s9999||||xx |||||||||||||| ||und||
040 _cfsecg
041 _aara
082 _a330
100 _aسعد، نبيل ابراهيم
_eمؤلف
245 0 _aأحكام الإلتزام /
_c نبيل ابراهيم سعد
260 _aالاسكندرية:
_bدار الجامعة الجديدة,
_c2002
300 _a492 صفحة؛
_bإيضاحات ؛
_c24 سم
490 _aالمكتبة القانونية
520 _aالتنفيذ العيني،التنفيذ بمقابل،الوسائل التي تكفل تنفيذ الالتزام،الالتزام الطبيعي،الأوصاف أو القيود المعدلة لأثر الالتزام،الالتزام البسيط والالتزام الموصوف،تعدد محل الالتزام،الالتزام التخييري،الالتزام البدلي،تعدد طرفي الالتزام،التضامن،التضامن السلبي،التضامم،التضامن الإيجابي،حوالة الحق،آثار الحوالة،حوالة الدين،التنازل عن العقد،أحكام التنازل عن العقد،انقضاء الالتزام
653 _aالالتزامات
700 _aمنصور، محمد حسين
_eمؤلف ثانوي
942 _cكتاب
999 _c42971
_d42971